Mike Judge Filmography - Statistics

General Stats
  • This quiz has been taken 11 times
    5 since last reset
  • The average score is 50 of 125
Answer Stats
Type Year Name % Correct
TV Show Director 1993-1997, 2011 Beavis and Butt-Head
100%
TV Show Creator 1993-1997, 2011 Beavis and Butt-Head
100%
TV Show Writer 1993-1997, 2011 Beavis and Butt-Head
100%
TV Show Production 1993-1997, 2011 Beavis and Butt-Head
100%
TV Show Acting Role 1993-1997, 2011 Beavis and Butt-Head
100%
Video Game 1994 Beavis and Butt-Head
100%
Web Series Production 2022-2023 Beavis and Butt-Head
100%
Web Series Acting Role 2022-2023 Beavis and Butt-Head
100%
TV Show Production 1997-2010, 2025 King of the Hill
100%
TV Show Acting Role 1997-2010, 2025 King of the Hill
100%
TV Show Creator 1997-2010, 2025 King of the Hill
100%
TV Show Writer 1997-2010, 2025 King of the Hill
100%
Video Game 2000 King of the Hill
100%
Short Film Director 1992 Office Space
100%
Short Film Screenplay 1992 Office Space
100%
Short Film Production 1992 Office Space
100%
Short Film Acting Role 1992 Office Space
100%
Film Director 1999 Office Space
100%
Film Screenplay 1999 Office Space
100%
Film Production 1999 Office Space
100%
Film Cameo 1999 Office Space
100%
Film Director 1996 Beavis and Butt-Head Do America
80%
Film Screenplay 1996 Beavis and Butt-Head Do America
80%
Film Production 1996 Beavis and Butt-Head Do America
80%
Film Acting Role 1996 Beavis and Butt-Head Do America
80%
Film Screenplay 2022 Beavis and Butt-Head Do the Universe
80%
Film Story 2022 Beavis and Butt-Head Do the Universe
80%
Film Production 2022 Beavis and Butt-Head Do the Universe
80%
Film Acting Role 2022 Beavis and Butt-Head Do the Universe
80%
Short Film Director 1992 Frog Baseball
80%
Short Film Screenplay 1992 Frog Baseball
80%
Short Film Production 1992 Frog Baseball
80%
Short Film Acting Role 1992 Frog Baseball
80%
Film Director 2006 Idiocracy
80%
Film Screenplay 2006 Idiocracy
80%
Film Story 2006 Idiocracy
80%
Film Production 2006 Idiocracy
80%
TV Show Director 2014-2019 Silicon Valley
80%
TV Show Creator 2014-2019 Silicon Valley
80%
TV Show Writer 2014-2019 Silicon Valley
80%
TV Show Production 2014-2019 Silicon Valley
80%
TV Show Acting Role 1997 The Simpsons
80%
Film Director TBA Automated Trucking
60%
Film Production TBA Automated Trucking
60%
TV Show Production 2024-Present Common Side Effects
60%
TV Show Acting Role 2024-Present Common Side Effects
60%
Film Director 2009 Extract
60%
Film Screenplay 2009 Extract
60%
Film Cameo 2009 Extract
60%
Web Series Creator 2024 In the Know
60%
Web Series Production 2024 In the Know
60%
Web Series Acting Role 2024 In the Know
60%
TV Show Acting Role 2013, 2019, 2022 Family Guy
40%
Film Cameo 2010 Jackass 3D
40%
Film Acting Role 2016 Nerdland
40%
Film Cameo 1999 South Park: Bigger, Longer & Uncut
40%
Film Acting Role 2001 Spy Kids
40%
Film Acting Role 2002 Spy Kids 2: Island of Lost Dreams
40%
Film Acting Role 2003 Spy Kids 3: Game Over
40%
TV Show Creator 2009 The Goode Family
40%
TV Show Writer 2009 The Goode Family
40%
TV Show Production 2009 The Goode Family
40%
TV Show Acting Role 2009 The Goode Family
40%
TV Show Director 2017 Mike Judge Presents: Tales from the Tour Bus
20%
TV Show Creator 2017 Mike Judge Presents: Tales from the Tour Bus
20%
TV Show Writer 2017 Mike Judge Presents: Tales from the Tour Bus
20%
TV Show Production 2017-2018 Mike Judge Presents: Tales from the Tour Bus
20%
TV Show Acting Role 2017-2018 Mike Judge Presents: Tales from the Tour Bus
20%
Film Cameo 2013 R.I.P.D.
20%
TV Show Director 1993, 1994 Saturday Night Live
20%
TV Show Writer 1993, 1994 Saturday Night Live
20%
TV Show Acting Role 1993, 1994, 1996, 2002 Saturday Night Live
20%
TV Show Appearance 2009 Ace of Cakes
0%
Film Story 2018 Action Point
0%
Film Cameo 1994 Airheads
0%
TV Show Acting Role 2006 Aqua Teen Hunger Force
0%
Video Game 1999 Beavis and Butt-Head: Bunghole in One
0%
Video Game 1998 Beavis and Butt-Head Do U.
0%
Video Game 1995 Beavis and Butt-Head in Virtual Stupidity
0%
Video Game 1996 Beavis and Butt-Head in Wiener Takes All
0%
Web Series Production TBA Best Buds
0%
TV Show Acting Role 2020 Better Things
0%
Documentary Narrator 2016 Bunker77
0%
TV Special Production TBA Chelm: The Smartest Place on Earth
0%
TV Special Acting Role 1998 Comic Relief VIII
0%
TV Show Acting Role 2006 Dr. Miracles
0%
Web Series Production 2024 Exploding Kittens
0%
TV Show Acting Role 2003 Frasier
0%
Short Film Director 1991 Huh?
0%
Short Film Screenplay 1991 Huh?
0%
Music Video Appearance 1993 I Got You Babe
0%
Film Cameo 2007 Jackass 2.5
0%
Film Cameo 2006 Jackass Number Two
0%
Web Series Appearance 2011 Killin' n' Grillin'
0%
TV Show Director 1992 Liquid Television
0%
TV Show Writer 1992 Liquid Television
0%
TV Show Acting Role 1992 Liquid Television
0%
TV Show Writer 1995 L'Oeil du Cyclone
0%
TV Pilot 2000 Monsignor Martinez
0%
TV Special Acting Role 1995 MTV Butt Bowl II
0%
Short Film Director 1992 Peace, Love & Understanding
0%
Short Film Screenplay 1992 Peace, Love & Understanding
0%
Short Film Production 1992 Peace, Love & Understanding
0%
Short Film Acting Role 1992 Peace, Love & Understanding
0%
TV Show Production 2023 Praise Petey
0%
Film Acting Role 2016 Punching Harry
0%
Film Cameo 2017 Sandy Wexler
0%
Film Cameo 2002 Serving Sara
0%
TV Show Acting Role 2019 Sherman's Showcase
0%
Film Production 2021 Some of Our Stallions
0%
Film Cameo 2021 Some of Our Stallions
0%
TV Show Appearance 1997 Space Ghost Coast to Coast
0%
Short Film Acting Role 2013 Tallica Parking Lot
0%
TV Show Acting Role 2010, 2012 The Cleveland Show
0%
Film Cameo 2018 The Front Runner
0%
TV Show Acting Role 1994 The Head
0%
Short Film Director 1991 The Honky Problem
0%
Short Film Screenplay 1991 The Honky Problem
0%
Short Film Production 1991 The Honky Problem
0%
Short Film Acting Role 1991 The Honky Problem
0%
TV Special Acting Role 2012 The Secret Policeman's Ball
0%
Music Video Director 2012 The Wind
0%
Commercial Appearance 2016 UFC
0%
Video Game 2022 Warped Kart Racers
0%
Web Series Acting Role 2013 You and Your F**king Coffee
0%
No matching quizzes found
Score Distribution
Percent of People with Each Score
Percentile by Number Answered
Your Score History
You have not taken this quiz since the last reset